000 00883nas a2200277 454500
001 30099
005 20260407193508.0
008 260407s1983####ag###########|||spa#d
003 AR-UNSa-BCEJYS
040 _aAR-UNSa-BCEJYS
_bspa
_cAR-UNSa-BCEJYS
080 _a330
_xEconomía en general
245 1 0 _aCarta económica
022 _a0326-3126
264 1 _aBuenos Aires :
_bSADEI (Sociedad Anónima de Ediciones e Impresiones
_c1983
310 _aFrecuencia: Mensual
041 _aspa
942 _cSER
590 _aniveau_biblio:s niveau_hierar:1
100 1 _aBroda, Miguel Angel
700 1 _aPablo, Juan Carlos de
650 _aDatos estadísticos
650 _aInvestigación económica
650 _aECONOMIA
650 _aINDICADORES ECONOMICOS
856 4 1 _uhttps://biblioeco.unsa.edu.ar/pmb/images/revistas/Carta Economica-R14586.jpg
_yImagen de portada
_qimage/jpeg
999 _c8692
_d8692